000 01175nas a2200253 4500
001 BR8402464
003 BR-BrBNA
005 20231205085915.0
007 ta
008 230509b bl.|||p| |||| 00| 00por d
040 _aBR-BrBNA
_bpor
_cBiblioteca Nacional de Agricultura
041 _a(Pt)
072 _aH10
100 1 _aGabriel, D.
245 1 _aLevantamento da ocorrencia da cochonilha Antonina graminis (Maskell, 1897)(Homoptera: Pseudococcidae)e de seus parasitos, em areas de pastagens do estado de Sao Paulo, 3: municipios de Martinopolis, Caiabu, Regente Feijo, Indiana, Onda Verde, Bady Bassit e Nova Granada [Brasil]
246 1 _aSurvey of the occurence of rhodes grass scale antonina graminis (Maskell, 1897)(Homoptera: Pseudococcidae)and its parasites in pastures of Sao Paulo, 3: counties of Martinopolis, Caiabu, Regente Feijo, Indiana, Onda Verde, Bady Bassit and Nova Granada [Brazil]
650 _aPASTAGEM
650 _aCOCHONILHA
650 _aPARASITO
650 _aSAO PAULO
773 0 _tBiologico (Brazil)
_xISSN 0366-0597
_g(Aug 1983), v. 49(8) p. 207-218
_wBR8402464
909 _a202311
_bLúcia
_c55
_dLúcia Elande
942 _2AGRIS
_n0
_cANA
999 _c114689
_d114689